Les pays qui ont gagnés le maillot blanc au Tour de France - Statistiques

Statistiques générales
  • Ce quiz a été pris 103 fois
  • Le résultat moyen est 11 sur 14
Statistiques - réponses
Victoires Pays % Correct
8 France
100%
5 Espagne
97%
5 Italie
95%
2 Royaume-Uni
92%
4 Allemagne
89%
3 États-Unis
88%
5 Pays-Bas
87%
4 Slovénie
85%
2 Russie
83%
5 Colombie
79%
1 Australie
78%
3 Luxembourg
77%
1 Ukraine
41%
1 Mexique
40%
Aucun quiz correspondant
Distribution des résultats
% des personnes avec chaque résultat
Percentile par nombre de réponses
Votre historique - résultats
Vous n’avez pas pris ce quiz